000 00288nam a22001337a 4500
008 181217b xxu||||| |||| 00| 0 eng d
020 _a9780077545130
041 _aeng
080 _a336
100 _a67
101 _aFIN
245 _aAccouting Financial
_cDavid.S
942 _2udc
_cBK
999 _c53267
_d53267